| 000 | 006240000a22002050004500 | ||
|---|---|---|---|
| 020 | _a84-8169-249-2 | ||
| 041 | 0 | _aSPA | |
| 082 | 0 | 4 | _aG 226.3 L574c |
| 100 | 1 | _aLentzen-Deis, Fritzleo | |
| 245 | 1 | 0 | _aComentario al evangelio de Marcos : Modelo de una nueva evangelización / Fritzleo Lentzen-Deis |
| 260 | _aEstella, Navarra, España : Verbo Divino | ||
| 300 | _a491 Pag | ||
| 440 | 0 | _aColección Evangelio y Cultura | |
| 650 | 1 | 4 | _aBIBLIA N.T. - MARCOS - COMENTARIOS |
| 001 | 2830 | ||
| 942 | _cBK | ||
| 999 |
_c33575 _d33575 |
||
| 336 |
_atexto _btxt _2rdacontent |
||
| 337 |
_2rdamedia _asin mediación _bn |
||
| 338 |
_2rdacarrier _avolumen _bnc |
||